Statistics for U2 Songs by Lyrics

Click here to take the quiz!

General Stats

  • This quiz has been taken 747 times
  • The average score is 8 of 15

Answer Stats

lyricssong% Correct
Sleight of hand and twist of fate / On a bed of nails she makes me waitWith or Without You
91%
One love / One life / When it's one need / In the nightOne
90%
I can't believe the news today / Oh, I can't close my eyes and make it go awaySunday Bloody Sunday
90%
I have climbed highest mountains / I have run through fieldsI Still Haven't Found What I'm Looking For
78%
It's alright, it's alright, it's alright / She moves in __________ ____Mysterious Ways
77%
And when I go there, I go there with you / It's all I can doWhere the Streets Have No Name
77%
Touch me, take me to that other place / Teach me, I know I'm not a hopeless caseBeautiful Day
72%
But all the promises we make / From the cradle to the graveAll I Want is You
54%
I'm losing you / Hey hey hey I'm losing you yeahThe Sweetest Thing
35%
The moon is up and over ___ ____ ____ / We see the sun go down in your eyesOne Tree Hill
32%
We can't fall any further if / We can't feel ________ ____Ordinary Love
29%
Is there a time for keeping your distance / A time to turn your eyes awayMiss Sarajevo
26%
You say when he hits you, you don't mind / Because when he hurts you, you feel aliveStay (Far Way, So Close!)
24%
I don't know which side I'm on / I don't know my right from leftTwo Hearts Beat as One
18%
Open up your eyes / Then you'll realiseEverlasting Love
11%

Score Distribution

Percentile by Number Answered

Percent of People with Each Score

Your Score History

You have not taken this quiz